Top 10 Länder mit den schönsten Frauen - Afrika - Statistiken

Allgemein
  • Dieses Quiz wurde 70 mal gespielt
  • Das Durchschnittsergebnis liegt bei 7 aus 10
Antwortstatistiken
Platz Land % Korrekt
🥉 Südafrika🇿🇦
97%
06. Marokko🇲🇦
83%
🥈 Nigeria🇳🇬
83%
🥇 Äthiopien🇪🇹
82%
04. Kenia🇰🇪
75%
05. Ghana🇬🇭
73%
07. Tansania🇹🇿
63%
09. Senegal🇸🇳
52%
10. Simbabwe🇿🇼
47%
08. Uganda🇺🇬
43%
Keine übereinstimmenden Quizze gefunden
Verteilung der Resultate
Anzahl Personen mit jedem Resultat
Perzentil nach korrekt beantworteten Fragen
Ihre Resultats-Entwicklung
Sie haben dieses Quiz noch nicht gespielt